"Comunicazione come ""cultura"": profili della comunicazione, oggi" (Record n. 95551)

Dettagli MARC
000 -LEADER
fixed length control field 01364nam a2200277Ia 4500
001 - CONTROL NUMBER
control field D4705
003 - CONTROL NUMBER IDENTIFIER
control field IT-RoPAU
008 - FIXED-LENGTH DATA ELEMENTS--GENERAL INFORMATION
fixed length control field 130308s9999 xx 000 0 und d
040 ## - CATALOGING SOURCE
Original cataloging agency IT-RoPAU
040 ## - CATALOGING SOURCE
Transcribing agency IT-RoPAU
041 ## - LANGUAGE CODE
Language code of text/sound track or separate title ITALIANO
100 ## - MAIN ENTRY--PERSONAL NAME
Personal name Sassi Silvio
100 ## - MAIN ENTRY--PERSONAL NAME
Miscellaneous information Codice Aut. SPICS: 9119
245 ## - TITLE STATEMENT
Title "Comunicazione come ""cultura"": profili della comunicazione, oggi"
245 ## - TITLE STATEMENT
Remainder of title "Comunicazione Come ""Cultura"": profili della Comunicazione, Oggi"
250 ## - EDITION STATEMENT
Edition statement 1a ed.
260 ## - PUBLICATION, DISTRIBUTION, ETC. (IMPRINT)
Name of publisher, distributor, etc. Edizioni Vivere In/Roma
260 ## - PUBLICATION, DISTRIBUTION, ETC. (IMPRINT)
Date of publication, distribution, etc. 1995 [1° Ed.:1995 - Ed.Ling.Originale:1995]
300 ## - PHYSICAL DESCRIPTION
Extent "14 p. (prefazione: no ; testo: 14)"
500 ## - GENERAL NOTE
General note Profilo della Comunicazione Odierna. Comunicazione Come somma di Tecnologie. Comunicazione Come Industria. Comunicazione Come insieme di Linguaggi Specifici: mezzo e Messaggio, Informazione e Commento, Punto di Vista e Visione totale, Natura e Cultura, Parola e Immagine, Linearità e Associazione, Logica e Successione, Momentaneo e Duraturo, presente Passato e Futuro, Univocità e Pluralità, Realtà e Finzione, presenza Corporea e presenza Mediale, Monosemia e Polisemia. Comunicazione Come progetto di Società. conseguenze per la Comunità Ecclesiale.
650 ## - SUBJECT ADDED ENTRY--TOPICAL TERM
Topical term or geographic name as entry element SAGGI PASTORALE COMUNICAZIONE SOCIALE
650 ## - SUBJECT ADDED ENTRY--TOPICAL TERM
Relator term Codice materia Spics: 9311
942 ## - ADDED ENTRY ELEMENTS (KOHA)
Koha item type LIBRO
957 ## -
-- 1
999 ## - SYSTEM CONTROL NUMBERS (KOHA)
-- 1
Dati di copia
Withdrawn status Lost status Damaged status Not for loan Home library Current library Date acquired Total Checkouts Full call number Date last seen Price effective from Koha item type Public note
    Buone Condizioni Not For Loan SPICS-MEDIATECA SPICS-MEDIATECA 08/03/2013   D4705 08/03/2013 08/03/2013 LIBRO Progressivo inserimento: 59484 / N. Volumi: 1 Copie: 1 / data import: 1 marzo 2013 - By Epidotti, Trombetti, Vaglietti.
CREDITS: SOCIETA' SAN PAOLO Via A.Severo, 58 - ROMA (RM) & PERIODICI SAN PAOLO SRL Via Giotto, 36 MILANO & CISF Via Giotto, 36 MILANO & EDIZIONI SAN PAOLO SRL,  Piazza Soncino, 5 CINISELLO BALSAMO (MI) -- ITALY